02401cam a22002537a 4500001001000000003000600010005001700016006001900033007001500052008004100067020001800108035002200126037003400148040004100182041000800223050001400231100013300245245009100378260003800469300005900507504005100566520151500617650001502132a46750273SIRSI20251024131109.0m o d cr |n|||||||||250112s2025 nju ob 001 0 eng d a9781394283408 a(OCoLC)1482532655 a9781394283408bO'Reilly Media aYDXbengcYDXdOCLCOdORMDAdUtOrBLW aeng 4aHF5548.851 aKane, Cynthia.0http://id.loc.gov/authorities/names/no20181283261https://id.oclc.org/worldcat/entity/E39PBJhd7fXHtYgQmqVW7g3CwC10aPause principleb: navigating the space between stimulus and responsec/ Cynthia Kane. aHoboken, NJ :bJohn Wiley,c2025. a172 pages :billustrations (black and white) ;c24 cm. aIncludes bibliographical references and index. aBecome a better communicator during awkward, difficult, or tense moments in the workplace In The Pause Principle: How to Keep Your Cool in Tough Situations, renowned corporate communications expert Cynthia Kane reveals her tried-and-tested SOFTEN practice to better handle awkward, difficult, or tense conversations at work by breaking free of automatic reactions including shutting down, running away, yelling, or getting passive aggressive or defensive. In this book, readers will learn how to regulate their bodily responses and emotions to arrive at peaceful and productive resolutions during even the most challenging moments at work. With Kane's help, readers have the opportunity to make a profound impact in their organizations, both interpersonally and quantitatively by reducing miscommunications and therefore corporate errors. This book explores topics such as: The fight, flight, or freeze response, and why it's actually a very effective evolution strategy in the wilderness--just not in the workplace The true financial cost of corporate miscommunication, estimated to be $4,200 per employee per year The importance of mindfulness in work and life, and its key role in calming the human nervous system during stressful situations The Pause Principle: How to Keep Your Cool in Tough Situations earns a well-deserved spot on the bookshelves of corporate leaders, executives, managers, and all individuals seeking proven strategies to smoothly navigate stressful social situations in the workplace. 0aJob stress